[Event "Asia-ch 5th"]
[Site "Hyderabad"]
[Date "2005.10.06"]
[Round "1"]
[White "Megaranto, Susanto"]
[Black "Konguvel, Ponnuswamy"]
[Result "1-0"]
[WhiteElo "2530"]
[BlackElo "2390"]
[Annotator "Ftacnik,L"]
[PlyCount "49"]
[EventDate "2005.10.05"]
[EventType "swiss"]
[EventRounds "9"]
[EventCountry "IND"]
[SourceTitle "CBM 110"]
[Source "ChessBase"]
[SourceDate "2006.01.31"]
[SourceVersion "1"]
[SourceVersionDate "2006.01.31"]
[SourceQuality "1"]

1. e4 c5 2. Nf3 d6 3. d4 cxd4 4. Nxd4 Nf6 5. Nc3 a6 6. Bc4 e6 7. Bb3 Nbd7 8. f4
Nc5 9. O-O Nfxe4 $5 {White is so much ahead in the development of his pieces,
that this daring move can be played only with excellent knowledge of the
theory lines.} 10. Nxe4 Nxe4 11. f5 e5 12. Qh5 d5 13. Re1 Bc5 14. Rxe4 O-O 15.
Rg4 Bxd4+ 16. Kh1 e4 17. Bh6 Kh8 18. Rd1 Bxb2 $5 $146 {[%mdl 4] The first
independ move in the game, Konguvel seems to holding the balance just fine.} (
18... g6 19. Qh3 Bg7 (19... gxf5 20. Rf4 Bxb2 21. Bxf8 Qxf8 22. Bxd5 $14) 20.
Rh4 (20. Rf1 Qf6 21. Bg5 Qb6 22. f6 h5 $13) 20... Qf6 21. g4 (21. Be3 Bxf5 22.
Rxh7+ Kg8 23. g4 Be6 24. Bd4 Qxd4 25. Rxd4 Bxd4 $11) 21... gxf5 22. g5 Qg6 23.
Qe3 Be6 24. Bxd5 Bxd5 25. Rxd5 Rad8 26. c4 Rxd5 27. cxd5 Re8 {1/2-1/2 Both,
E-Werner,D/Berlin 2004/ (45)}) 19. Rxd5 Qb6 20. Bf4 Bf6 (20... Qf2 $1 21. h3
Bf6 (21... Qf1+ $2 22. Kh2 Bf6 23. Bd6 g6 24. Rxg6 Bxf5 25. Rxf6 Rg8 26. Rd2
$18) 22. Bd6 g6 $11) 21. Bd6 Qf2 $1 (21... Re8 22. Bg3 Qe3 23. h3 Rf8 24. Be5
$1 $16) 22. h3 g6 23. Rxg6 Rg8 $2 {It is a pitty for black, that he missed
simple drawing combination with the sacrifice of the f6 bishop.} (23... Bxf5 $1
24. Rxf6 (24. Rg3 Bg6 $17) 24... Rg8 25. g4 Qf1+ 26. Kh2 Qf2+ $11) 24. Rxg8+
Kxg8 25. Rd1 (25. Rd1 Be6 26. fxe6 $18) 1-0

[Event "Linares Anibal op 08th"]
[Site "Linares"]
[Date "2001.01.09"]
[Round "2"]
[White "Garcia Martinez, Silvino"]
[Black "Zhang, Zhong"]
[Result "0-1"]
[WhiteElo "2371"]
[BlackElo "2607"]
[Annotator "Ftacnik,L"]
[PlyCount "76"]
[EventDate "2001.01.08"]
[EventType "swiss"]
[EventRounds "11"]
[EventCountry "ESP"]
[SourceTitle "CBM 081"]
[Source "ChessBase"]
[SourceDate "2001.03.20"]
[SourceVersion "1"]
[SourceVersionDate "2001.03.20"]
[SourceQuality "1"]

1. e4 c5 2. Nf3 d6 3. d4 cxd4 4. Nxd4 Nf6 5. Nc3 a6 6. Bc4 e6 7. Bb3 Nbd7 8. f4
Nc5 9. Qf3 b5 10. f5 Bd7 11. fxe6 fxe6 12. Be3 Qc8 13. g4 h6 14. h4 b4 15. Nce2
(15. g5 bxc3 16. gxf6 cxb2 17. Rb1 Nxb3 $17) 15... Qb7 {[%mdl 2048] Both king
are rather loose, the player with better handling of pieces will get the upper
hand.} (15... Ncxe4 $2 16. g5 $1 e5 17. gxf6 Nxf6 18. Ne6 Bc6 19. Qh3 Bxh1 20.
Qxh1 $16) (15... Nfxe4 16. Nf4 Nxb3 17. cxb3 Nc5 18. O-O Qb7 19. Qxb7 Nxb7 20.
Nfxe6 $14) 16. Ng3 e5 (16... Nfxe4 17. Nxe4 Qxe4 18. Qxe4 Nxe4 19. Nxe6 $14)
17. Ndf5 (17. Nh5 exd4 18. Nxf6+ gxf6 19. Bd5 Bc6 $19) 17... Nxb3 (17... Ncxe4
18. Nxe4 Qxe4 (18... Nxe4 19. Nxg7+ $1 Kd8 20. Ne6+ $18) 19. Qxe4 Nxe4 20. Bd5
Nf6 21. Bxa8 Nxg4 22. Nxg7+ Bxg7 23. Bd2 $14) (17... Bc6 18. Bxc5 dxc5 19.
O-O-O $16) 18. cxb3 d5 19. Nxh6 (19. g5 dxe4 (19... Nxe4 $2 20. Nxe4 dxe4 21.
Qh5+ Kd8 22. gxh6 $16) 20. Qg2 hxg5 21. hxg5 Rxh1+ 22. Qxh1 Bxf5 23. Nxf5 Qd7
24. Nxg7+ Qxg7 25. gxf6 Qxf6 26. Qxe4 $11) 19... dxe4 20. Qf1 Bxg4 (20... Be6
$5 21. h5 (21. g5 Nd5 22. Nhf5 g6 $19) 21... Nxg4 22. Nxg4 Bxg4 23. h6 Bf3 24.
hxg7 Qxg7 25. Rxh8 Qxh8 26. Qc4 Qf6 $15) 21. Nxg4 Nxg4 22. Qe2 Nxe3 (22... Nf6
23. Rd1 Be7 $15) 23. Qxe3 O-O-O 24. Rc1+ Kb8 {White will suffer due to his
king "forgotten" on the square e1.} 25. Qxe4 (25. Nxe4 Be7 $17) 25... Qb5 (
25... Qxe4+ 26. Nxe4 Rd4 27. Rc4 $15) 26. Rc4 (26. h5 Rd3 27. Qg4 Re3+ 28. Ne2
Be7 29. Rh2 $13) 26... Rh6 27. Rh2 $2 (27. Nf5 Rf6 28. Rg1 Rf7 29. Ne3 $13)
27... Rhd6 28. Rhc2 Rd1+ 29. Ke2 R1d4 30. Qc6 $6 {The endgame only seemingly
diminishes the dangers for white king.} (30. Qg6 Rxh4 31. Ke1 Rhd4 $17) 30...
Qxc6 31. Rxc6 Rxh4 32. Rb6+ (32. Rxa6 $2 Rh2+ $19) 32... Ka7 33. Rcc6 Bc5 $1
34. Rxa6+ Kb7 35. Rg6 (35. Rxc5 Rh2+ 36. Ke3 Kxa6 37. Rxe5 Rxb2 $19) 35... Rh2+
36. Ke1 (36. Kf3 Rd3+ 37. Ke4 (37. Kg4 Rg2 $19) 37... Rxg3 38. Rxg3 Kxa6 $19)
36... Bf2+ 37. Kf1 Be3 38. Ke1 (38. Rad6 Rc8 39. Rxg7+ Kb8 40. Ne2 Rf8+ 41. Ke1
Rh1+ $19) 38... Rc8 0-1

[Event "Olympiad-36"]
[Site "Mallorca"]
[Date "2004.10.15"]
[Round "1"]
[White "Kobese, Watu"]
[Black "Sutovsky, Emil"]
[Result "0-1"]
[WhiteElo "2408"]
[BlackElo "2697"]
[Annotator "Ftacnik,L"]
[PlyCount "38"]
[EventDate "2004.10.15"]
[EventType "team-swiss"]
[EventRounds "14"]
[EventCountry "ESP"]
[SourceTitle "CBM 104"]
[Source "ChessBase"]
[SourceDate "2005.01.27"]
[SourceVersion "1"]
[SourceVersionDate "2005.01.27"]
[SourceQuality "1"]
[WhiteTeam "South Africa"]
[BlackTeam "Israel"]
[WhiteTeamCountry "RSA"]
[BlackTeamCountry "ISR"]

1. e4 c5 2. Nf3 d6 3. d4 cxd4 4. Nxd4 Nf6 5. Nc3 a6 6. Bc4 e6 7. Bb3 b5 8. Be3
Be7 9. g4 b4 (9... h6 10. a3 Bd7 11. Qe2 Nc6 12. Rg1 Qa5 13. Nxc6 Bxc6 14. Bd2
Qc7 15. O-O-O Nd7 16. f4 Nc5 17. Ba2 Qb7 18. Rde1 Bh4 19. Ref1 a5 20. g5 b4 21.
Qh5 bxc3 22. Bxc3 Na4 23. Bxg7 Rg8 24. Bf6 {1-0 Stelzer,H-Braune,S/Germany
1996/ (39)}) 10. Na4 Nxe4 11. Nf5 $2 {Kobese is trying to prove, that his
attacking potential is dangerous.} (11. Nb6 Qxb6 12. Nxe6 Qxe3+ (12... Nc5 $1
13. Nxg7+ Kd8 14. Bxf7 Bf6 $17) 13. fxe3 fxe6 14. Qd4 d5 15. O-O Nf6 (15... Bf6
16. Rxf6 Nxf6 17. g5 Nfd7 18. Qxg7 Rf8 19. Qxh7 $18) 16. g5 a5 17. gxf6 Bxf6
18. Rxf6 gxf6 19. Qxf6 Rg8+ 20. Kh1 a4 21. Rf1 Ra5 22. Bxa4+ Rxa4 23. Qf7+ Kd8
24. Qxg8+ Kc7 25. Rf8 {1-0 Bintafrit,S-Elkuch,H/Istanbul 2000/ (25)}) 11...
exf5 $1 (11... O-O 12. Nxe7+ Qxe7 13. Nb6 Ra7 14. Nxc8 Rxc8 15. Bxa7 Qxa7 16.
O-O Nc6 $15) (11... Bf6 12. f3 exf5 13. fxe4 Bb7 14. Bd5 Nc6 15. gxf5 $11) 12.
Qd5 O-O 13. Qxa8 Bg5 $1 {[%mdl 32] Sutovsky is proving, that White king will
have problems to survive counterattack intact.} 14. f4 (14. Bxg5 Qxg5 15. Qd5
Bb7 16. Qxf5 Qd2+ 17. Kf1 g6 18. Qf3 Nc5 $19) (14. O-O Bxe3 15. fxe3 Bd7 16.
Qd5 Qh4 17. Qd1 fxg4 $19) (14. Qa7 Nc6 15. Qb6 Qe8 16. Bxg5 Nxg5+ 17. Kd1 Qe4
$17) (14. Qxb8 Bxe3 15. fxe3 Qh4+ 16. Kd1 Qf2 $19) 14... Bh4+ 15. Ke2 (15. Kf1
Bd7 16. Qa7 Qe8 17. Nb6 Bb5+ $19) 15... Bd7 16. Nb6 (16. Qd5 Bb5+ 17. Kd1 Qe8
18. gxf5 Bf2 $19) 16... Bc6 17. Qa7 Bb5+ 18. Kf3 (18. Bc4 Nc6 19. Qb7 Na5 20.
Qd5 Nxc4 21. Nxc4 Qc7 $19) 18... Nc6 19. Qb7 (19. Qd7 Nd4+ 20. Bxd4 Bxd7 $19)
19... Qe8 $1 {The Black queen is planing to attack the White king along the e
file, White is helpless.} (19... Qe8 $1 20. Kg2 Ng5 21. Bd5 Qxe3 $19) 0-1

[Event "RUS-chT 07th"]
[Site "Smolensk"]
[Date "2000.04.15"]
[Round "1"]
[White "Chuprov, Dmitry"]
[Black "Svidler, Peter"]
[Result "0-1"]
[WhiteElo "2415"]
[BlackElo "2672"]
[Annotator "Ftacnik,L"]
[PlyCount "48"]
[EventDate "2000.04.15"]
[EventType "team-tourn"]
[EventRounds "11"]
[EventCountry "RUS"]
[SourceTitle "CBM 077"]
[Source "ChessBase"]
[SourceDate "2000.07.27"]
[SourceVersion "1"]
[SourceVersionDate "2000.07.27"]
[SourceQuality "1"]
[WhiteTeam "Nizhny Tagil Politekhnik"]
[BlackTeam "Sankt Petersburg Chess Federation"]
[WhiteTeamCountry "RUS"]
[BlackTeamCountry "RUS"]

1. e4 c5 2. Nf3 d6 3. d4 Nf6 4. Nc3 cxd4 5. Nxd4 a6 6. Bc4 e6 7. Bb3 Nbd7 8. f4
Nc5 9. Qf3 b5 10. f5 Bd7 11. Bg5 Be7 12. O-O-O O-O 13. e5 $2 {Agressive
approach, that will be refuted with an elegant, lengthy combination.} (13. Rhe1
$5 e5 14. Bxf6 Bxf6 15. Nde2 $13) (13. fxe6 fxe6 14. e5 (14. Qh3 Nxb3+ 15. axb3
b4 $17) 14... Nfe4 (14... dxe5 15. Nxe6 Nxb3+ 16. axb3 Bxe6 17. Rxd8 Raxd8 18.
Qe2 $16) 15. Bxe7 Qxe7 16. Nxe4 Rxf3 17. exd6 Qf7 18. gxf3 Nxb3+ 19. axb3 e5
20. Ne2 Qxf3 $17) 13... dxe5 14. Nc6 (14. Nde2 Nxb3+ 15. axb3 Qc7 $19) 14...
Bxc6 15. Qxc6 (15. Rxd8 Bxf3 16. Rxf8+ Rxf8 17. gxf3 b4 18. Ne4 Nxb3+ 19. axb3
exf5 $19) 15... Qa5 $1 (15... Rc8 16. Rxd8 Rxc6 17. Rxf8+ Kxf8 18. fxe6 Nxb3+
19. axb3 b4 $17) 16. fxe6 (16. Bxf6 Nxb3+ 17. axb3 Bxf6 $19) 16... Rac8 17.
exf7+ (17. Qf3 Nxb3+ 18. axb3 b4 $19) 17... Kh8 18. Qf3 Nxb3+ 19. axb3 (19.
cxb3 b4 $19) 19... b4 $1 {[%mdl 128] Suddenly it becomes clear, that white has
too many worries. His king is already under attack and also the future of
white bishop on g5 is shaky.} (19... Qa1+ 20. Nb1 (20. Kd2 Qxb2 $19) 20... Rxf7
21. Qe2 $15) 20. Na4 (20. Bxf6 bxc3 21. Bxe7 Qa1#) (20. Ne4 Nxe4 21. Bxe7 Qa1#)
20... e4 $1 21. Qg3 (21. Qf4 Nh5 $19) 21... Nh5 22. Bxe7 Nxg3 23. Bxf8 (23.
hxg3 Rxf7 $19) 23... Ne2+ 24. Kd2 (24. Kb1 Rxf8 $19) 24... Qg5+ (24... Qg5+ 25.
Ke1 (25. Kxe2 Rxc2+ $19) 25... Qe3 $19) 0-1

[Event "Moscow Aeroflot op-A"]
[Site "Moscow"]
[Date "2003.02.13"]
[Round "3"]
[White "Sutovsky, Emil"]
[Black "Dvoirys, Semen I"]
[Result "1-0"]
[WhiteElo "2651"]
[BlackElo "2562"]
[Annotator "Ftacnik,L"]
[PlyCount "51"]
[EventDate "2003.02.10"]
[EventType "swiss"]
[EventRounds "9"]
[EventCountry "RUS"]
[SourceTitle "CBM 094"]
[Source "ChessBase"]
[SourceDate "2003.05.26"]
[SourceVersion "1"]
[SourceVersionDate "2003.05.26"]
[SourceQuality "1"]

1. e4 c5 2. Nf3 d6 3. d4 cxd4 4. Nxd4 Nf6 5. Nc3 a6 6. Bc4 e6 7. Bb3 Nbd7 8.
Bg5 Nc5 9. f4 Be7 10. Qf3 Qc7 11. O-O Nxb3 12. axb3 $1 {[%mdl 8] Great novelty
from Sutovsky, he has surely analysed to whole tactical complications with
sacrificing knight on d4.} (12. Nxb3 b5 13. a3 Bb7 14. Rfe1 O-O 15. Qd3 Rfd8
16. h3 d5 17. e5 Ne8 18. Bxe7 Qxe7 19. Na5 Rdc8 {0-1 Sordo,J-Fernandez,C/
Asturias 1997/ (64)}) 12... Qc5 (12... Qb6 13. Rad1 e5 14. fxe5 dxe5 15. Bxf6
Bxf6 16. Nd5) 13. Rad1 e5 14. b4 Qa7 (14... Qxb4 15. Bxf6 Bxf6 16. Nd5 Qc5 17.
b4 Qa7 18. fxe5 dxe5 19. Nxf6+ $18) 15. Bxf6 Bxf6 16. fxe5 dxe5 (16... Bxe5 17.
Qxf7+ Kd8 18. Nd5 Bxd4+ 19. Kh1 b5 20. Rxd4 $18) 17. Nd5 Rf8 {Objectively
speaking if move like this is necessary it raraly points to the best health of
the position.} (17... exd4 18. e5 (18. Nc7+ Kd8 19. Nxa8 Be6 20. Qg3 Qxa8 21.
e5 Be7 22. Qxg7 Kc7 $11) 18... Bg4 (18... Bxe5 19. Qxf7+ Kd8 20. Qe7#) 19. Qxg4
d3+ (19... Bxe5 20. Nc7+ Kf8 (20... Bxc7 21. Rde1+ Kd8 22. Rxf7) 21. Qd7 Bf6
22. Rd3 h6 23. Rxf6 gxf6 24. Qd6+ Kg7 25. Nd5 $18) 20. Kh1 Bxe5 21. Nc7+ Kf8
22. Rxd3 $18) 18. Nc7+ Ke7 (18... Kd8 19. Nxa8 exd4 (19... Bd7 20. Qa3 exd4 21.
b5 Re8 22. Qa5+ Ke7 23. Nc7 $18) 20. e5 Bg5 (20... Bxe5 21. Qd5+ $18) (20...
Be7 21. Qd5+ Bd7 22. Rxd4 $18) 21. Qd5+ Bd7 22. e6 $18) 19. Nd5+ (19. Nxa8 exd4
20. Qf4 d3+ 21. Kh1 Be6 22. e5 $18) 19... Ke8 (19... Kd8 20. Nxf6 $18) 20. Qg3
Be6 (20... exd4 21. Rxf6 $1 gxf6 22. Qd6 $18) 21. Rxf6 $1 gxf6 (21... Bxd5 22.
Qxe5+ Be6 23. Rxe6+ fxe6 24. Qxe6+ Kd8 25. Qd6+ Ke8 26. Qe5+ Kd8 27. Kh1 $18)
22. Nxf6+ Kd8 (22... Ke7 23. Qxe5 Rfc8 24. Kh1 $18) 23. Qxe5 {White even
managed to save the life of the knight on d4, but black will hardly manage the
same for the king on d8.} Kc8 (23... Qb6 24. Kh1 Kc8 25. Rd3 $18) 24. Kh1 Rd8
25. Rd3 Bc4 (25... Rxd4 26. Rxd4 b5 27. Ne8 $18) 26. Ne6 $1 (26. Ne6 $1 fxe6 (
26... Bxe6 27. Rc3+ $18) 27. Rxd8+ Kxd8 28. Qd6+ Kc8 29. Qd7+ Kb8 30. Qd8#) 1-0

[Event "Bundesliga 0405"]
[Site "Germany"]
[Date "2005.03.13"]
[Round "13.5"]
[White "Berndt, Stephan"]
[Black "Smeets, Jan"]
[Result "1-0"]
[WhiteElo "2438"]
[BlackElo "2515"]
[Annotator "Ftacnik,L"]
[PlyCount "61"]
[EventDate "2004.11.12"]
[EventType "team-tourn"]
[EventRounds "15"]
[EventCountry "GER"]
[SourceTitle "CBM 106"]
[Source "ChessBase"]
[SourceDate "2005.06.06"]
[SourceVersion "1"]
[SourceVersionDate "2005.06.06"]
[SourceQuality "1"]
[WhiteTeam "Neukoelln"]
[BlackTeam "Solingen"]
[WhiteTeamCountry "GER"]
[BlackTeamCountry "GER"]

{[%mdl 1]} 1. e4 c5 2. Nf3 d6 3. d4 cxd4 4. Nxd4 Nf6 5. Nc3 a6 6. Bc4 e6 7. Bb3
Nbd7 8. Qe2 Nc5 9. Bg5 Be7 10. f4 h6 11. Bxf6 Bxf6 12. O-O-O Bd7 13. Kb1 Qc7
14. Rhe1 O-O {It is a rare position in which both castles are possible and
have their advantages. In retrospect it seems, that heading to queenisde might
have been safer choice for the black king.} (14... O-O-O $5 15. e5 Be7 (15...
dxe5 16. fxe5 Be7 17. Qf3 (17. Nf5 exf5 18. Nd5 Bb5 19. Qf3 Rxd5 20. Bxd5 g6
21. Bxf7 Bc6 22. Qf2 Ne4 23. Qa7 Qxe5 {1/2-1/2 Lacasa Diaz,J-Gomez Esteban,J/
Ayamonte 2002/ (76)}) 17... Rhf8 18. Qg3 g6 19. Bc4 Kb8 20. Be2 Bc8 21. Bf3 Nd7
22. Qf4 Nb6 23. Qxh6 Rh8 24. Qc1 Nc4 {0-1 Habu,Y-Sadvakasov,D/Philadelphia
2003/ (34)}) 16. Bd5 dxe5 17. fxe5 Kb8 18. Bf3 Rc8 19. g3 Rhd8 20. h4 Na4 21.
Nxa4 Bxa4 22. Nb3 Rxd1+ 23. Rxd1 Bb5 24. Qg2 Qxe5 25. Bxb7 Qe2 26. Qxe2 Bxe2 {
0-1 Arakhamia Grant,K-Ubilava,E/Palma de Mallorca 1989/ (37)}) 15. g4 b5 16. g5
hxg5 17. e5 (17. fxg5 Be5 18. Qh5 g6 19. Qh4 Nxb3 20. axb3 b4 21. Nf5 Bb5 22.
Re3 Rfc8 23. Nh6+ Kg7 24. Rf3 bxc3 25. Rxf7+ Qxf7 26. Nxf7 Kxf7 27. bxc3 Rxc3
28. Rxd6 {1-0 Plachetka,J-Stohl,I/Prague 1989/ (34)}) 17... dxe5 18. fxe5 Be7
19. h4 b4 (19... g6 20. h5 Kg7 21. hxg6 fxg6 22. Ne4 Rae8 23. Nd6 Rd8 24. c3
Nxb3 25. axb3 Rf4 26. Rd3 {1/2-1/2 Berndt,S-Bischoff,K/Germany 2000/ (29)}) (
19... gxh4 20. Rg1 g6 21. Qh5 Kg7 22. Rdf1 Be8 23. Nd5 $14) 20. hxg5 Nxb3 21.
Qh5 $1 {[%mdl 128] The open h file looks very scary and black must act
immediatelly in order to prevent mating threats.} Bxg5 (21... g6 22. Qh2 $1 (
22. Qh6 Rfd8 (22... Bxg5 23. Qxg5 bxc3 24. axb3 cxb2 25. Rh1 $18) (22... Rfe8
23. Rh1 Qxe5 24. Qh7+ Kf8 25. Rhf1 Qg7 26. Rxf7+ Kxf7 27. Rf1+ $18) 23. Nd5 (
23. Rh1 Qxe5 24. Qh7+ Kf8 25. Rhf1 Qg7 26. Rxf7+ Qxf7 27. Qh8+ Qg8 28. Rf1+ Bf6
29. Qxf6+ Ke8 30. axb3 bxc3 31. Rh1 $16) (23. Qh2 Kg7) 23... exd5 24. e6 Nxd4 (
24... Be8 25. Rh1 Qe5 26. Nc6 Qg7 27. Nxe7+ Kf8 28. Nxd5 $18) (24... Bxg5 25.
exf7+ Kxf7 26. Rf1+ $18) 25. exf7+ Kxf7 26. Qh7+ Kf8 27. Qh8+ $11) 22... f6 (
22... bxc3 23. Rh1 Nd2+ 24. Rxd2 $18) 23. Rh1 Kf7 24. Qh7+ Ke8 25. Qxg6+ Rf7
26. Rh7 $18) 22. Qxg5 Nxd4 (22... Qd8 23. Qg3 Nxd4 24. Rxd4 f6 (24... bxc3 25.
Rg4 $18) 25. Rg1 Rf7 26. Rg4 Qe7 27. Qh3 $18) 23. Rxd4 (23. Ne4 f5 24. exf6 Nf5
25. fxg7 Nxg7 26. Nf6+ Rxf6 27. Qxf6 $11) 23... f6 (23... Rfb8) (23... bxc3 $2
24. Qxg7+ $1 Kxg7 25. Rg1+ Kh6 26. Rh4#) 24. exf6 Rxf6 (24... Bc6 25. Rg1 Rf7
26. Qh6 $18) 25. Nd5 $1 {The standard knight jump into the center comes at
perfect moment, white is getting more than just exchange. Black king will be
under crushing attack.} exd5 26. Qxd5+ Kf8 (26... Kh7 27. Rh1+ Rh6 28. Qe4+ Kg8
29. Qxa8+ $18) 27. Rh4 Be6 28. Qxa8+ Kf7 29. Rh8 Bxa2+ (29... Qd7 30. Qf8+ Kg6
31. Rg1+ $18) 30. Ka1 (30. Kxa2 $2 b3+ $1 $11) 30... Rf5 31. Rf8+ 1-0

[Event "FRA-chT Gp-A"]
[Site "France"]
[Date "2003.04.03"]
[Round "4.4"]
[White "Pujos, Stephane"]
[Black "Kosten, Anthony C"]
[Result "0-1"]
[WhiteElo "2331"]
[BlackElo "2545"]
[Annotator "Ftacnik,L"]
[PlyCount "82"]
[EventDate "2003.01.31"]
[EventType "team"]
[EventRounds "7"]
[EventCountry "FRA"]
[SourceTitle "CBM 095"]
[Source "ChessBase"]
[SourceDate "2003.07.25"]
[SourceVersion "1"]
[SourceVersionDate "2003.07.25"]
[SourceQuality "1"]
[WhiteTeam "Bordeaux"]
[BlackTeam "Monaco"]
[WhiteTeamCountry "FRA"]
[BlackTeamCountry "FRA"]

1. e4 c5 2. Nf3 d6 3. d4 Nf6 4. Nc3 cxd4 5. Nxd4 a6 6. Bc4 e6 7. Bb3 b5 8. Be3
Be7 9. Qf3 Qc7 10. e5 Bb7 11. exd6 (11. Qg3 dxe5 12. O-O-O O-O 13. Nf3 Rc8 14.
Ng5 Nd5 15. Nxd5 Bxd5 16. Kb1 Bxb3 17. cxb3 Nc6 18. Rc1 Qb7 19. h4 Nd8 {
0-1 Jackova,J-Zhigalko,A/Hengelo 2001/ (28)}) 11... Bxd6 (11... Qxc3+ 12. bxc3
Bxf3 13. Nxf3 Bxd6 14. c4 Nc6 $11) 12. Qh3 Nc6 13. O-O-O (13. O-O Rd8 14. Rad1
O-O $15) 13... Nxd4 {The exchange of e4 pawn for the d6 one is certainly
favorable for black. White enjoys development advantage, so black has to show
at least some caution.} (13... Na5 $2 14. Bxe6 $1 (14. Ndxb5 $2 Nxb3+ 15. Kb1
axb5 16. Nxb5 Qa5 17. Nxd6+ Ke7 18. cxb3 Bd5 $19) 14... fxe6 15. Nxe6 Qe7 16.
Rhe1 Bc8 17. Bg5 $18) 14. Bxd4 (14. Rxd4 Be5 (14... O-O 15. Bxe6 $5 Be5 16. Bf5
g6 $15) 15. Rd3 O-O $15) 14... O-O-O 15. Kb1 (15. Bxf6 gxf6 16. Bd5 Be5 17.
Bxb7+ Kxb7 18. Ne2 $11) 15... Be5 16. Ne2 (16. Bxe5 Qxe5 17. f3 b4 $15) 16...
Kb8 (16... Bxd4 17. Nxd4 Rd7 18. c3 Rhd8 19. Rhe1 Kb8 $15) 17. Rhe1 Bxd4 18.
Nxd4 (18. Rxd4 Rxd4 19. Nxd4 Qf4 20. Qe3 Qxe3 21. fxe3 $15) 18... Qf4 19. Qc3 (
19. c3 Ne4 20. g3 Nxf2 21. Qh5 Qc7 $17) 19... Ne4 20. Nc6+ $6 {Tempting, but
not the best as Kosten will enjoy excellent prospects in the endgame.} (20. Qa5
$5 Rc8 21. f3 Nc5 $11) 20... Ka8 $1 (20... Bxc6 21. Qxc6 Nd2+ 22. Rxd2 Rxd2 23.
Qb6+ Kc8 24. Qxa6+ Kc7 25. Qxb5 Rb8 $15) 21. Qe5 (21. Qa5 Nd2+ 22. Ka1 Rd6 23.
g3 Qxf2 24. Ne5 Rc8 $19) 21... Nd2+ (21... Rxd1+ $5 22. Rxd1 Nd2+ 23. Ka1 Qxe5
24. Nxe5 Rd8 25. Nd3 Nxb3+ 26. axb3 Be4 (26... Bxg2 27. Rg1 Be4 28. Rxg7 Bg6
29. f4 Rd4 30. b4 Bxd3 31. cxd3 Rxf4 $17) 27. Kb1 Rd4 28. Kc1 Bxd3 29. cxd3 Kb7
$17) 22. Ka1 Qxe5 23. Nxe5 f6 24. Nd3 (24. Nf7 Nxb3+ 25. axb3 Rxd1+ 26. Rxd1
Rc8 27. Rd8 Rxd8 28. Nxd8 Bd5 29. Nf7 Bxg2 $17) 24... Nxb3+ 25. axb3 e5 26. Nc5
(26. f3 Rc8 (26... Rd6 27. Nc5 Rhd8 28. Rxd6 Rxd6 29. f4 Rd5 30. b4 $15) 27.
Rd2 Rhd8 28. Red1 Rd6 29. Kb1 Rcd8 $15) 26... Bxg2 27. Rxd8+ (27. Nxa6 Bf3 28.
Rxd8+ Rxd8 29. Re3 e4 30. Nc7+ Kb8 31. Nxb5 f5 $17) 27... Rxd8 28. Rg1 Bc6 29.
Rxg7 (29. Nxa6 g5 30. Nb4 Bb7 $17) 29... Rd2 30. Rc7 $2 {[%mdl 4096] Pujos is
missing excellent chance to save the game with the natural move 30.c4!
followed by the counterplay on the 6th rank.} (30. c4 $1 h5 (30... Rxf2 31.
Rxh7 $11) 31. Re7 Rxf2 32. Re6 Bh1 33. Rxa6+ Kb8 34. Rxf6 Rxh2 35. cxb5 $11)
30... Bh1 31. Rxh7 (31. c4 h5 32. Rh7 Rxf2 33. Rxh5 Ka7 $17) 31... Rxc2 32.
Rh8+ (32. Nxa6 Rxf2 33. h4 Be4 $17) 32... Ka7 33. Rh7+ Kb6 34. Nd7+ (34. b4 Bd5
35. Kb1 Rxf2 $19) 34... Kc6 35. Nxf6 Rxf2 36. Rh6 (36. Ng4 Re2 37. Rh6+ Kb7 38.
Re6 e4 39. h4 Bf3 $17) 36... Kc5 {Black enjoys better king and assymetrical
pawn structure, that enhances the value of his bishop against the enemy knight.
} 37. Nd7+ (37. Ng4 Re2 38. Rxa6 Bd5 39. Ka2 Kb4 $19) 37... Kd5 38. Rh5 (38.
Rxa6 Rxh2 39. Nf6+ Kd4 40. Rd6+ Kc5 41. Re6 Re2 $19) 38... Re2 39. b4 (39. h4
Bf3 40. Nf6+ Kd4 41. Rg5 e4 $19) 39... Kd4 40. Nc5 Bd5 41. Kb1 a5 (41... a5 42.
Rh4+ e4 43. Na6 a4 44. Kc1 Bc4 45. Nc5 Bd3 $19) 0-1